Agroecology : (Registro nro. 1024)
[ vista simple ]
| 000 -CABECERA | |
|---|---|
| Campo de control | 01311pam a2200289 a 4500 |
| 005 - FECHA Y HORA DE LA ULTIMA TRANSACCION | |
| Campo de control | 20150924131919.0 |
| 008 - ELEMENTOS DE LONGITUD FIJA—INFORMACION GENERAL | |
| Campo de control | 950103s1995 coua b 001 0 eng |
| 020 ## - ISBN | |
| ISBN | 0813317177 (alk. paper) |
| 020 ## - ISBN | |
| ISBN | 0813317185 (pbk. : alk. paper) |
| 040 ## - FUENTE DE CATALOGACIÓN | |
| Agencia catalogadora original | DLC |
| Agencia transcriptora | DLC |
| Agencia Modificadora | DLC |
| 041 ## - IDIOMA | |
| Código de idioma para texto/pista de sonido o título separado | Inglés |
| 082 00 - NUMERO DE CLASIFICACION DECIMAL DEWEY | |
| Número de clasificación | 338.16 |
| Número del ítem | A468a |
| 100 1# - ASIENTO PRINCIPAL--NOMBRE PERSONAL | |
| Nombre personal | Altieri, Miguel A. |
| 245 10 - MENCION DE TITULO | |
| Título | Agroecology : |
| Parte restante del título | the science of sustainable agriculture |
| Mención de responsabilidad | Miguel A. Altieri, with contributions by John G. Farrell ... [et al.]. |
| 250 ## - MENCION DE EDICION | |
| Mención de edición | 2nd ed. |
| 260 ## - PUBLICACION, DISTRIBUCION, ETC. (PIE DE IMPRENTA) | |
| Lugar de publicación, distribución, etc. | Boulder, Colo. : |
| Nombre del editor, distribuidor, etc. | Westview Press ; |
| Lugar de publicación, distribución, etc. | London : |
| Nombre del editor, distribuidor, etc. | IT Publications, |
| Fecha de publicación, distribución, etc. | 1995. |
| 300 ## - DESCRIPCION FISICA | |
| Extensión | xii, 433 p. : |
| Otros detalles físicos | ill. ; |
| Dimensiones | 24 cm. |
| 504 ## - NOTA DE BIBLIOGRAFIA, ETC. | |
| Nota de bibliografía | Includes bibliographical references (p. 381-411) and index. |
| 650 #0 - ASIENTO SECUNDARIO DE MATERIA - TERMINO TEMATICO | |
| Término temático o nombre geográfico como elemento de entrada | Agricultural ecology. |
| 650 #0 - ASIENTO SECUNDARIO DE MATERIA - TERMINO TEMATICO | |
| Término temático o nombre geográfico como elemento de entrada | designing sustainable Agroecosystems |
| 650 #0 - ASIENTO SECUNDARIO DE MATERIA - TERMINO TEMATICO | |
| Término temático o nombre geográfico como elemento de entrada | traditional Agriculture |
| 856 42 - LOCALIZACION Y ACCESO ELECTRONICOS | |
| Especificación de los materiales | Contributor biographical information |
| Identificador Uniforme del Recurso | http://www.loc.gov/catdir/enhancements/fy0831/95000021-b.html |
| 856 42 - LOCALIZACION Y ACCESO ELECTRONICOS | |
| Especificación de los materiales | Publisher description |
| Identificador Uniforme del Recurso | http://www.loc.gov/catdir/enhancements/fy0831/95000021-d.html |
| 906 ## - LOCAL DATA ELEMENT F, LDF (RLIN) | |
| a | 7 |
| b | cbc |
| c | orignew |
| d | 1 |
| e | ocip |
| f | 19 |
| g | y-gencatlg |
| 942 ## - ELEMENTOS ADICIONALES (KOHA) | |
| Sistema de clasificación | Dewey Decimal Classification |
| Tipo de ítem | Libro |
| Withdrawn status | Lost status | Sistema de Clasificación | Damaged status | No para préstamo | Colección | Fecha publicación (Año) | Inventariado | Ubicación Permanente | Ubicación actual | Fecha de adquisición | Fuente de Valor | Valor | Total Checkouts | Número topográfico | Inventario / Código de Barras | Date last seen | Ejemplar | Price effective from | Forma de adquisición | Tipo de material |
|---|---|---|---|---|---|---|---|---|---|---|---|---|---|---|---|---|---|---|---|---|
| Dewey Decimal Classification | General | 1995 | Inventariado 2017 | Bogotá | Bogotá | 20/01/1999 | Instituto | 39000.00 | LB-338.16 A468a | 018046 | 04/12/2012 | Ej. 1 | 04/12/2012 | Libro |